[Event "Chigorin Memorial"]
[Site "St Petersburg RUS"]
[Date "2012.10.28"]
[Round "2.134"]
[White "Nikitinyh, Boris"]
[Black "Bezulenko, Evgeny"]
[Result "1-0"]
[WhiteElo "2142"]
[BlackElo "1850"]
[WhiteFideId "4198328"]
[BlackFideId "24105996"]
[EventDate "2012.10.27"]

1. e4 e6 2. d4 d5 3. Nc3 dxe4 4. Nxe4 Nf6 5. Nxf6+ Qxf6 6. Nf3 h6 7. Bd3 Bd6 8.
O-O Nd7 9. c4 Bf4 10. Qe2 Bxc1 11. Raxc1 O-O 12. Rfe1 g6 13. b4 c6 14. a4 a5 15.
Qd2 axb4 16. Qxb4 c5 17. Qd2 cxd4 18. c5 Rxa4 19. Bb5 Ra3 20. Nxd4 Rd8 21. Nc2
Rc3 22. Ne3 Rxc5 23. Ng4 Qe7 24. Rxc5 Qxc5 25. Bxd7 Qe7 26. Qc3 Bxd7 27. Nf6+
Kf8 28. Nd5 1-0

[Event "Chigorin Memorial"]
[Site "St Petersburg RUS"]
[Date "2012.10.28"]
[Round "2.135"]
[White "Nikiforov, Vyacheslav"]
[Black "Kuzmin, Egor"]
[Result "0-1"]
[WhiteElo "1863"]
[BlackElo "2140"]
[WhiteFideId "4119401"]
[BlackFideId "24101737"]
[EventDate "2012.10.27"]

1. Nf3 d5 2. e3 Nf6 3. d4 Bg4 4. c4 c6 5. Nc3 e6 6. Be2 Nbd7 7. Qb3 Qc7 8. h3
Bh5 9. Bd2 Be7 10. O-O Ne4 11. Rad1 O-O 12. Bc1 Ndf6 13. Rde1 Nxc3 14. bxc3 Ne4
15. Nd2 Bg6 16. Rd1 dxc4 17. Nxc4 c5 18. Ne5 cxd4 19. Nxg6 hxg6 20. cxd4 Nc3 21.
Rde1 Nxe2+ 22. Rxe2 Qd7 23. Ba3 Bxa3 24. Qxa3 b5 25. Rc2 a5 26. Rfc1 b4 27. Qb3
Rfb8 28. Rc7 Qe8 29. d5 a4 30. Qd3 exd5 31. Qxd5 b3 32. axb3 axb3 33. Rb1 b2 34.
Rb7 Ra1 0-1

[Event "Chigorin Memorial"]
[Site "St Petersburg RUS"]
[Date "2012.10.28"]
[Round "2.137"]
[White "Radkov, Bazhen D."]
[Black "Basencyan, Mark"]
[Result "0-1"]
[WhiteElo "1860"]
[BlackElo "2139"]
[WhiteFideId "24170593"]
[BlackFideId "13300725"]
[EventDate "2012.10.27"]

1. d4 d5 2. Nf3 Nf6 3. e3 Bf5 4. c4 e6 5. Nc3 c6 6. Bd3 Bg6 7. O-O Nbd7 8. Bxg6
hxg6 9. Qd3 Bd6 10. e4 dxe4 11. Nxe4 Nxe4 12. Qxe4 Nf6 13. Qe2 Qc7 14. g3 O-O
15. Bg5 Qa5 16. Kg2 Rfe8 17. c5 Bf8 18. h4 Qd8 19. Rad1 Qd5 20. Qe5 Qxa2 21.
Bxf6 gxf6 22. Qxf6 Bg7 23. Qg5 Qd5 24. Rh1 Qxg5 25. Nxg5 Red8 26. Nf3 Rd5 27.
Rd2 Rad8 28. Rhd1 a5 29. Kf1 b6 30. cxb6 Rb8 31. Rc2 Rxb6 32. Ke2 Rdb5 33. Kd3
Rxb2 0-1

[Event "Chigorin Memorial"]
[Site "St Petersburg RUS"]
[Date "2012.10.28"]
[Round "2.138"]
[White "Dyakov, Vladislav"]
[Black "Bivol, Alina"]
[Result "1-0"]
[BlackTitle "WFM"]
[WhiteElo "1854"]
[BlackElo "2137"]
[WhiteFideId "24177261"]
[BlackFideId "4100123"]
[EventDate "2012.10.27"]

1. e4 e6 2. d4 d5 3. Nc3 Bb4 4. e5 Ne7 5. Bd2 b6 6. f4 Bxc3 7. bxc3 Ba6 8. Bxa6
Nxa6 9. Nf3 Nb8 10. O-O Nbc6 11. Nh4 Ng6 12. Nf3 Na5 13. Qe2 Nh4 14. Nxh4 Qxh4
15. f5 Nc4 16. Rf2 O-O-O 17. fxe6 fxe6 18. Rf7 Rd7 19. Raf1 Rhd8 20. R1f4 Rxf7
21. Rxh4 Rdf8 22. Bc1 h6 23. Rh3 Kd7 24. Rf3 Rxf3 25. gxf3 Ke7 26. Qg2 Rf7 27.
Qg6 a5 28. Kf2 a4 29. Ke2 c5 30. Be3 Nxe3 31. Kxe3 cxd4+ 32. cxd4 b5 33. Qd3 Rf8
34. Qxb5 Rc8 35. Qxa4 Rc3+ 36. Ke2 Rc4 37. Qa7+ Kf8 38. Kd3 1-0

[Event "Chigorin Memorial"]
[Site "St Petersburg RUS"]
[Date "2012.10.28"]
[Round "2.139"]
[White "Gorjunov, Sergey2"]
[Black "Faizutdinova, Diana"]
[Result "1-0"]
[WhiteElo "2134"]
[BlackElo "1834"]
[WhiteFideId "4166590"]
[BlackFideId "24143731"]
[EventDate "2012.10.27"]

1. c4 Nf6 2. Nc3 g6 3. g3 Bg7 4. Bg2 O-O 5. e3 c6 6. e4 d6 7. Nge2 Be6 8. d3 Qc8
9. h3 Na6 10. Be3 Nc7 11. Rc1 c5 12. Nd5 Nfxd5 13. cxd5 Bd7 14. Qd2 Re8 15. Bh6
Bh8 16. h4 e6 17. h5 exd5 18. hxg6 fxg6 19. Qf4 Re5 20. Qh4 Qe8 21. Bg5 Qf7 22.
d4 Ree8 23. dxc5 dxc5 24. Rxc5 Ne6 25. Rxd5 Bc6 26. Be3 Bxd5 27. exd5 Nf8 28.
Qb4 Be5 29. O-O Qe7 30. Qb3 Kh8 31. Rd1 Rad8 32. Nf4 b6 33. Nd3 Bf6 34. Nb4 Rc8
35. d6 Qd7 36. Kh2 g5 37. Nd5 Be5 38. Bxg5 Qxd6 39. Ne7 Qc5 40. Qg8# 1-0

[Event "Chigorin Memorial"]
[Site "St Petersburg RUS"]
[Date "2012.10.28"]
[Round "2.140"]
[White "Belkina, Yulia"]
[Black "Tkachev, Ivan"]
[Result "0-1"]
[WhiteElo "1850"]
[BlackElo "2128"]
[WhiteFideId "4116542"]
[BlackFideId "4186885"]
[EventDate "2012.10.27"]

1. e4 c6 2. d4 d5 3. e5 Bf5 4. f4 e6 5. Nf3 c5 6. c3 Nc6 7. Bd3 Bg4 8. Bb5 Nh6
9. h3 Bxf3 10. Qxf3 cxd4 11. Bxc6+ bxc6 12. cxd4 Nf5 13. O-O Nxd4 14. Qf2 Qa5
15. Bd2 Qb6 16. Nc3 Nc2 17. Qxb6 axb6 18. Rac1 Bc5+ 19. Kh2 Ne3 20. Bxe3 Bxe3
21. Rc2 Kd7 22. a3 g6 23. Rf3 Bc5 24. Ne2 Rhc8 25. g4 Be7 26. f5 Rf8 27. b4 c5
28. f6 Bd8 29. bxc5 bxc5 30. Rxc5 Bc7 31. g5 Bxe5+ 32. Kg2 Rfc8 33. Rxc8 Kxc8
34. h4 Bd6 35. Nf4 Rxa3 36. Rxa3 Bxa3 37. h5 Bc1 38. hxg6 hxg6 39. Nh3 Be3 40.
Kf3 d4 0-1

[Event "Chigorin Memorial"]
[Site "St Petersburg RUS"]
[Date "2012.10.28"]
[Round "2.141"]
[White "Kozhabekov, Adilkhan"]
[Black "Berdashkevich, Svetlana"]
[Result "1-0"]
[WhiteElo "2127"]
[BlackElo "1825"]
[WhiteFideId "13702858"]
[BlackFideId "24197483"]
[EventDate "2012.10.27"]

1. d4 d5 2. Nf3 Nf6 3. g3 Bf5 4. Bg2 e6 5. O-O c5 6. c4 Nc6 7. Bg5 Qb6 8. Bxf6
gxf6 9. cxd5 exd5 10. Nc3 Be6 11. e4 cxd4 12. Nxd5 Bxd5 13. exd5 Ne5 14. Qa4+
Nd7 15. Rae1+ Kd8 16. Bh3 Qc7 17. Nxd4 Bc5 18. Nb5 Qb6 19. b4 Be7 20. d6 1-0

[Event "Chigorin Memorial"]
[Site "St Petersburg RUS"]
[Date "2012.10.28"]
[Round "2.142"]
[White "Dzhavathanov, Magomed"]
[Black "Saveliev, Alexei"]
[Result "0-1"]
[WhiteElo "1848"]
[BlackElo "2126"]
[WhiteFideId "24106020"]
[BlackFideId "24128546"]
[EventDate "2012.10.27"]

1. e4 c5 2. Ne2 e6 3. g3 d5 4. e5 Nc6 5. f4 f6 6. exf6 Qxf6 7. d3 Bd6 8. Nd2
Nge7 9. Nf3 e5 10. Bg2 Bg4 11. O-O O-O 12. fxe5 Nxe5 13. Nxe5 Qxe5 14. Bf4 Qxe2
15. Bxd6 Qe3+ 0-1

[Event "Chigorin Memorial"]
[Site "St Petersburg RUS"]
[Date "2012.10.28"]
[Round "2.143"]
[White "Chehlov, Aleksander"]
[Black "Egorov, Daniil"]
[Result "1-0"]
[WhiteTitle "FM"]
[WhiteElo "2124"]
[BlackElo "1819"]
[WhiteFideId "11600632"]
[BlackFideId "24171956"]
[EventDate "2012.10.27"]

1. e4 c5 2. Nf3 d6 3. Nc3 Nf6 4. e5 dxe5 5. Nxe5 Nbd7 6. Nc4 g6 7. Qe2 Nb6 8.
Qe5 Nbd5 9. Be2 Bg7 10. Ne3 Qc7 11. Bb5+ Bd7 12. Bxd7+ Kxd7 13. Qxc7+ Nxc7 14.
a4 e6 15. O-O Ncd5 16. Ne2 Nb4 17. d4 cxd4 18. Nxd4 Ke7 19. Rd1 Rhd8 20. c3 Nbd5
21. Nxd5+ Rxd5 22. Re1 Rad8 23. h3 a6 24. Be3 Ne4 25. Ne2 Be5 26. f4 Bc7 27. Nd4
Nc5 28. Rf1 Ne4 29. Rf3 R5d7 30. g4 Nd6 31. Bf2 Ne4 32. Be3 Nd6 33. Kg2 Nc4 34.
Bf2 Nd2 35. Bh4+ f6 36. Re3 Kf7 37. Nxe6 Re8 38. Rae1 Rde7 39. f5 gxf5 40. gxf5
Nc4 41. R3e2 Nd6 42. Bg3 Nxf5 43. Bxc7 Rxe6 44. Rxe6 Rxe6 45. Rxe6 Kxe6 46. Kf3
Ne7 47. Ke4 f5+ 48. Kd4 Nd5 49. Bh2 b6 50. c4 Nb4 51. Bc7 Nc6+ 52. Kc3 f4 53.
Bxf4 Ne7 54. b4 Nc8 55. Kd4 Ne7 56. b5 axb5 57. axb5 Nf5+ 58. Ke4 Ne7 59. Be3
Nc8 60. c5 bxc5 61. Bxc5 Kf6 62. b6 Nxb6 63. Bxb6 Kg5 64. Bf2 h5 65. Kf3 Kg6 66.
Kf4 Kf6 1-0

[Event "Chigorin Memorial"]
[Site "St Petersburg RUS"]
[Date "2012.10.28"]
[Round "2.144"]
[White "Glazov, Anatoly"]
[Black "Pershina, Elena"]
[Result "0-1"]
[BlackTitle "WFM"]
[WhiteElo "1835"]
[BlackElo "2122"]
[WhiteFideId "4192281"]
[BlackFideId "24147516"]
[EventDate "2012.10.27"]

1. e4 c5 2. Nf3 Nc6 3. d4 cxd4 4. Nxd4 g6 5. Nc3 Bg7 6. Be3 Nf6 7. Be2 O-O 8.
Qd2 d6 9. f3 Re8 10. g4 a6 11. h4 Nxd4 12. Bxd4 Be6 13. h5 Qa5 14. O-O-O Bxa2
15. Nxa2 Qxa2 16. b3 Rac8 17. hxg6 hxg6 18. Qd3 Nd7 19. Bxg7 Kxg7 20. Qd4+ f6
21. Qb2 Qxb2+ 22. Kxb2 Rc5 23. f4 Rec8 24. Bd3 Rh8 25. Rxh8 Kxh8 26. b4 Rc7 27.
Kb3 Kg7 28. c4 Rc8 29. Be2 Nb6 30. g5 Rc7 31. Rh1 fxg5 32. fxg5 Nd7 33. Bg4 Ne5
34. Be2 Rc8 35. Rd1 Rh8 36. c5 Rh3+ 37. Ka4 Re3 38. Bf1 dxc5 39. bxc5 Rxe4+ 40.
Ka5 Nc4+ 41. Bxc4 Rxc4 42. Kb6 Kf7 43. Rd7 Rb4+ 44. Kc7 Ke6 45. Kd8 Rb5 46.
Rxe7+ Kf5 47. Kc8 Rxc5+ 48. Kxb7 a5 49. Kb6 Rd5 50. Kc6 Re5 51. Ra7 Kxg5 52. Kd6
Kf4 53. Rg7 g5 54. Rg8 Rf5 55. Ke6 g4 56. Rg7 Rg5 57. Rf7+ Kg3 58. Kf6 Rb5 0-1

[Event "Chigorin Memorial"]
[Site "St Petersburg RUS"]
[Date "2012.10.28"]
[Round "2.145"]
[White "Nazaretyan, Tigran"]
[Black "Stroganov, Anatoly"]
[Result "1-0"]
[WhiteElo "2121"]
[BlackElo "1808"]
[WhiteFideId "24162345"]
[BlackFideId "4178955"]
[EventDate "2012.10.27"]

1. d4 Nf6 2. c4 e5 3. dxe5 Ng4 4. Bf4 Bb4+ 5. Nd2 d6 6. exd6 Qf6 7. e3 Qxb2 8.
Nf3 Bf5 9. dxc7 Na6 10. c5 Bc3 11. Bxa6 bxa6 12. Qa4+ Qb5 13. Qxb5+ axb5 14. Rd1
f6 15. Ke2 Ne5 16. Nb1 Bxb1 17. Rxb1 b4 18. Nxe5 fxe5 19. Bg5 Kd7 20. Bd8 Kc6
21. Rhd1 a5 22. Rd3 Rc8 23. Rxc3 bxc3 24. Rb8 Rf8 25. f3 e4 26. Rxc8 exf3+ 27.
gxf3 Rxf3 28. Rb8 1-0

[Event "Chigorin Memorial"]
[Site "St Petersburg RUS"]
[Date "2012.10.28"]
[Round "2.146"]
[White "Popov, Alexei"]
[Black "Atabayev, Saparmyrat"]
[Result "0-1"]
[WhiteElo "1823"]
[BlackElo "2118"]
[WhiteFideId "24195898"]
[BlackFideId "14000571"]
[EventDate "2012.10.27"]

1. e4 c5 2. Nf3 d6 3. c3 Nf6 4. h3 Nbd7 5. Bd3 b6 6. Bc2 Bb7 7. Qe2 e6 8. d3 Be7
9. Be3 Qc7 10. Kf1 d5 11. e5 Ng8 12. Na3 a6 13. Rc1 Rc8 14. Nb1 Bc6 15. Nbd2 h6
16. Bf4 Bd8 17. Bg3 Ne7 18. Kg1 Nf5 19. Bh2 d4 20. c4 Qb7 21. Ne4 O-O 22. Nfd2
Bc7 23. g4 Ne7 24. f4 f5 25. exf6 Nxf6 26. Rf1 Ng6 27. f5 exf5 28. gxf5 Ne5 29.
Bf4 Rcd8 30. Qh2 Qb8 31. Qg2 Kh8 32. Rf2 Nxe4 33. dxe4 Rxf5 34. Qg3 Nf3+ 35.
Nxf3 Rxf4 36. Nh4 Rxh4 37. Qxh4 Bg3 38. Qg4 Bxf2+ 39. Kxf2 d3 40. Bd1 Qe5 41.
Bf3 Qxb2+ 42. Kg3 Rf8 43. Rd1 d2 44. Qe6 Qc3 45. Qg4 Ba4 46. Kg2 Rxf3 47. Qxf3
Qxf3+ 48. Kxf3 Bxd1+ 49. Ke3 Bc2 50. Kxd2 Bxe4 51. Ke3 Bb1 52. a4 Bc2 53. a5
bxa5 54. Kd2 Bf5 55. h4 g5 56. hxg5 hxg5 57. Kc3 g4 58. Kb3 g3 59. Ka4 g2 60.
Kxa5 g1=Q 0-1

[Event "Chigorin Memorial"]
[Site "St Petersburg RUS"]
[Date "2012.10.28"]
[Round "2.147"]
[White "Fedorov, Viktor"]
[Black "Hyotyla, Tapio"]
[Result "1/2-1/2"]
[WhiteElo "2118"]
[BlackElo "1795"]
[WhiteFideId "24195430"]
[BlackFideId "501026"]
[EventDate "2012.10.27"]

1. d4 Nf6 2. Nf3 e6 3. g3 Nc6 4. Bg2 d5 5. O-O Bd6 6. c4 O-O 7. Nc3 dxc4 8. e4
e5 9. d5 Ne7 10. Nd2 Ng6 11. Nxc4 Bc5 12. Be3 Bxe3 13. Nxe3 Ne8 14. Rc1 Bd7 15.
Na4 Bb5 16. Re1 Nd6 17. Nc5 Rb8 18. Qc2 Be8 19. Nd3 c6 20. b3 cxd5 21. Nxd5 Bc6
22. a4 Rc8 23. Qb2 Re8 24. N3b4 Bd7 25. Rxc8 Bxc8 26. Rd1 Be6 27. Ne3 Qb8 28.
Nbd5 h6 29. Qa3 Rd8 30. h4 Rd7 31. h5 Nf8 32. Qb2 f6 33. f4 Nf7 34. Qf2 Bxd5 35.
exd5 exf4 36. gxf4 Nd6 37. Nc2 Qe8 38. Bf3 a6 39. Nd4 Re7 40. Kg2 Kh8 41. Rd3 g6
42. Qh4 g5 43. Qg4 Qd7 44. fxg5 Qxg4+ 45. Bxg4 fxg5 46. Nf5 Nxf5 47. Bxf5 Kg7
48. d6 Re8 49. Bg4 Rd8 50. Kf3 Kf6 51. Ke4 Ne6 52. Rf3+ Nf4 53. d7 Ke7 54. Ke5
Rf8 55. Rc3 Rd8 56. a5 Rxd7 57. Bxd7 Kxd7 58. Kf5 Nxh5 59. Kg6 Nf4+ 60. Kxh6 Ne6
61. Kg6 Kd6 62. Rc4 Kd5 63. Rb4 Nd8 64. Kxg5 Kc5 65. Rb6 Nc6 66. b4+ Nxb4 67.
Rxb7 Nc6 68. Rb6 Nxa5 69. Rxa6 1/2-1/2

[Event "Chigorin Memorial"]
[Site "St Petersburg RUS"]
[Date "2012.10.28"]
[Round "2.148"]
[White "Kosov, Igor"]
[Black "Sarana, Alexey"]
[Result "0-1"]
[WhiteElo "1817"]
[BlackElo "2118"]
[WhiteFideId "24100528"]
[BlackFideId "24133795"]
[EventDate "2012.10.27"]

1. d4 Nf6 2. c4 e6 3. Nf3 d5 4. Bg5 Be7 5. Nc3 O-O 6. e3 Nbd7 7. Bd3 c6 8. O-O
b6 9. Rc1 Bb7 10. cxd5 exd5 11. Ne2 Re8 12. Ng3 Ne4 13. Bxe4 Bxg5 14. Nxg5 Qxg5
15. Bd3 Rac8 16. b4 g6 17. Qa4 a6 18. Rc3 f5 19. Ne2 Qe7 20. a3 Nf6 21. Qc2 Nh5
22. Ng3 Ng7 23. Ne2 Rf8 24. Rc1 Ne6 25. g3 Ng7 26. h3 Kh8 27. Kh2 g5 28. Rg1 Rf6
29. Kg2 Rcf8 30. Rh1 Ne6 31. h4 f4 32. hxg5 f3+ 33. Kg1 fxe2 34. Qxe2 Nxg5 35.
Qh5 Rxf2 0-1

[Event "Chigorin Memorial"]
[Site "St Petersburg RUS"]
[Date "2012.10.28"]
[Round "2.149"]
[White "Kvitko, Nikita"]
[Black "Mrykhin, Igor"]
[Result "0-1"]
[WhiteElo "1801"]
[BlackElo "2110"]
[WhiteFideId "13708341"]
[BlackFideId "24168106"]
[EventDate "2012.10.27"]

1. e4 e5 2. Nf3 Nc6 3. Bb5 a6 4. Ba4 b5 5. Bb3 Na5 6. O-O d6 7. c3 Nxb3 8. axb3
Nf6 9. Re1 Be7 10. d4 exd4 11. Nxd4 Bb7 12. f3 O-O 13. Nd2 g6 14. Nf1 Re8 15.
Ng3 Bf8 16. Bf4 Nd7 17. Qd2 Bg7 18. Bh6 Bh8 19. Re2 Nc5 20. b4 Ne6 21. Nxe6 Rxe6
22. f4 Qe8 23. Rae1 f6 24. f5 Re7 25. h4 Bg7 26. Bf4 Qf7 27. Re3 Rae8 28. R1e2
Qc4 29. Qd4 Qc6 30. b3 gxf5 31. Nxf5 Rxe4 32. Rxe4 Rxe4 33. Rxe4 Qxe4 34. Qxe4
Bxe4 35. Ne3 f5 36. c4 Bc3 37. cxb5 axb5 38. g4 fxg4 39. Nxg4 Bc2 0-1

[Event "Chigorin Memorial"]
[Site "St Petersburg RUS"]
[Date "2012.10.28"]
[Round "2.151"]
[White "Fokin, Anatoly"]
[Black "Pershin, Denis"]
[Result "0-1"]
[WhiteElo "1793"]
[BlackElo "2100"]
[WhiteFideId "24124451"]
[BlackFideId "24165506"]
[EventDate "2012.10.27"]

1. d4 Nf6 2. c4 c5 3. e3 g6 4. Nc3 cxd4 5. exd4 d5 6. h3 Bg7 7. Be3 O-O 8. Nf3
e6 9. Bd3 dxc4 10. Bxc4 a6 11. a3 b5 12. Be2 Bb7 13. O-O Nbd7 14. Rc1 Nb6 15.
Ne5 Nfd5 16. Nxd5 Nxd5 17. Bf3 Re8 18. Qb3 Rc8 19. Rxc8 Qxc8 20. Rc1 Qa8 21. Qd1
Rd8 22. Qe2 Rc8 23. Nd3 Rxc1+ 24. Nxc1 Nb6 25. Bxb7 Qxb7 26. Nd3 a5 27. Nc5 Qc6
28. b3 a4 29. bxa4 Nxa4 30. Qd3 Bf8 31. Ne4 Nb2 32. Qb3 Qxe4 33. Qxb2 Qd3 34.
Bc1 Bd6 35. g3 Kf8 36. Kg2 Ke8 37. Qa1 Qe4+ 38. Kh2 Qc2 39. Qb2 Qxb2 40. Bxb2
Kd7 41. Kg2 Kc6 42. Kf3 Kd5 43. Kg4 f6 44. h4 h5+ 45. Kf3 Kc4 46. Ke4 f5+ 47.
Ke3 Kb3 48. Bc1 Kc2 49. Bd2 Bxa3 50. Ba5 Bc1+ 51. Ke2 Bb2 52. Ke3 Bc3 53. Bb6 b4
54. Bc5 b3 55. Ba3 Bd2+ 56. Ke2 Bc1 0-1

[Event "Chigorin Memorial"]
[Site "St Petersburg RUS"]
[Date "2012.10.28"]
[Round "2.152"]
[White "Baglaev, Evgeniy"]
[Black "Tarakanova, Valeria"]
[Result "1-0"]
[WhiteElo "2099"]
[BlackElo "1778"]
[WhiteFideId "4195612"]
[BlackFideId "24179205"]
[EventDate "2012.10.27"]

1. d4 Nf6 2. c4 e6 3. g3 c5 4. d5 d6 5. Nc3 Be7 6. Bg2 O-O 7. e4 e5 8. h3 Ne8 9.
h4 f5 10. Nge2 Nf6 11. Qc2 Nh5 12. Bf3 Qe8 13. Bg5 fxe4 14. Bxh5 Qxh5 15. Bxe7
Qf3 16. Qxe4 Qxf2+ 17. Kd2 Rf7 18. Bxd6 Nd7 19. Qe3 Qf5 20. Qg5 Qxg5+ 21. hxg5
Nb6 22. b3 Bg4 23. Rhf1 Rd8 24. Rxf7 Kxf7 25. Bxc5 Nd7 26. Rf1+ Kg6 27. Be7 Re8
28. d6 a6 29. Nd5 Bf5 30. Nec3 1-0

[Event "Chigorin Memorial"]
[Site "St Petersburg RUS"]
[Date "2012.10.28"]
[Round "2.153"]
[White "Rybakova, Polina"]
[Black "Yudkevich, Mikhail"]
[Result "0-1"]
[WhiteElo "1787"]
[BlackElo "2099"]
[WhiteFideId "24178829"]
[BlackFideId "4134486"]
[EventDate "2012.10.27"]

1. e4 c5 2. Nf3 Nf6 3. Nc3 d6 4. d4 cxd4 5. Nxd4 Nc6 6. f3 e5 7. Nb3 Be7 8. Be3
a5 9. Nd5 Nxd5 10. exd5 Nb8 11. Nd2 O-O 12. Qe2 Bf5 13. O-O-O Nd7 14. Ne4 Rc8
15. Kb1 Qc7 16. Qd2 Nb6 17. Bxb6 Qxb6 18. g4 Bxe4 19. fxe4 Bh4 20. Bd3 Bf2 21.
Ka1 Be3 22. Qe1 Rc7 23. h4 Bf2 24. Qd2 Rfc8 25. h5 Be3 26. Qg2 h6 27. c3 a4 28.
c4 a3 29. b3 Qb4 30. Qc2 b5 31. Qe2 Bd4+ 32. Kb1 Qc3 33. Rc1 Qa1+ 34. Kc2 Qxa2+
35. Kd1 Qxb3+ 36. Bc2 Qxc4 37. Qxc4 Rxc4 38. Rh3 Bb2 0-1

[Event "Chigorin Memorial"]
[Site "St Petersburg RUS"]
[Date "2012.10.28"]
[Round "2.156"]
[White "Pitkanen, Juhani"]
[Black "Mamedov, Elmin"]
[Result "1/2-1/2"]
[WhiteElo "1763"]
[BlackElo "2088"]
[WhiteFideId "504432"]
[BlackFideId "24117331"]
[EventDate "2012.10.27"]

1. d4 Nf6 2. c4 c5 3. d5 d6 4. Nc3 g6 5. e4 Bg7 6. f3 O-O 7. Be3 e6 8. Nge2 exd5
9. cxd5 a6 10. a4 Nbd7 11. Ng3 Rb8 12. Be2 h5 13. O-O Ne5 14. Qd2 Kh7 15. h3 Re8
16. f4 Ned7 17. e5 Ng8 18. e6 fxe6 19. dxe6 Rxe6 20. Nge4 Bxc3 21. Nxc3 Ngf6 22.
f5 gxf5 23. Rxf5 Qe8 24. Bg5 Kg7 25. Raf1 Kh7 26. Ra1 Kg7 27. Raf1 Kh7 28. Ra1
Kg7 29. Raf1 Kh7 1/2-1/2

[Event "Chigorin Memorial"]
[Site "St Petersburg RUS"]
[Date "2012.10.28"]
[Round "2.158"]
[White "Kholova, Elena"]
[Black "Lobanov, Sergei"]
[Result "0-1"]
[WhiteElo "1736"]
[BlackElo "2081"]
[WhiteFideId "4146093"]
[BlackFideId "24183750"]
[EventDate "2012.10.27"]

1. Nf3 Nf6 2. c4 c5 3. g3 g6 4. Bg2 Bg7 5. Nc3 O-O 6. O-O Nc6 7. d4 cxd4 8. Nxd4
Nxd4 9. Qxd4 d6 10. e4 Be6 11. Qd3 Rc8 12. Nd5 Nd7 13. f4 Nb6 14. f5 Bxd5 15.
cxd5 Nc4 16. Rb1 Qa5 17. Bg5 Rc7 18. Rfc1 Rfc8 19. b3 Ne5 20. Rxc7 Qxc7 21. Qd2
Ng4 22. Bf3 Qc5+ 23. Kg2 gxf5 24. exf5 Qc2 25. Bxg4 Qxb1 26. Bd1 Qxf5 27. Bxe7
Qe4+ 0-1

[Event "Chigorin Memorial"]
[Site "St Petersburg RUS"]
[Date "2012.10.28"]
[Round "2.160"]
[White "Toporkova, Sofia"]
[Black "Zhilchikov, Nikolai"]
[Result "1/2-1/2"]
[WhiteElo "1732"]
[BlackElo "2077"]
[WhiteFideId "4169930"]
[BlackFideId "4137264"]
[EventDate "2012.10.27"]

1. d4 d5 2. c4 c6 3. Nf3 Nf6 4. Nc3 e6 5. Bg5 Nbd7 6. e3 Qa5 7. Bxf6 Nxf6 8. Nd2
Bb4 9. Qc2 dxc4 10. Nxc4 Qc7 11. a3 Be7 12. Bd3 O-O 13. b4 g6 14. O-O b6 15. Ne4
Bb7 16. Ncd2 Rac8 17. Nxf6+ Bxf6 18. Rac1 Qe7 19. Qa4 a6 20. Be4 e5 21. dxe5
Bxe5 22. Qb3 Rfd8 23. Rfd1 Kh8 24. Bf3 Bg7 25. Nc4 Qc7 26. Rxd8+ Rxd8 27. Rd1
Rxd1+ 28. Qxd1 f5 29. Qd6 Qxd6 30. Nxd6 Ba8 31. Nc4 b5 32. Na5 Bb2 33. Bxc6 Bxc6
34. Nxc6 Bxa3 35. Kf1 Kg7 36. Ke2 Kf6 37. Kd3 Ke6 38. Kc3 Kd5 39. Nb8 a5 40.
bxa5 Bd6 41. Nd7 Kc6 42. a6 Bxh2 43. g3 Bg1 44. Ne5+ Kb6 45. Nd3 h5 46. Kd2 Bh2
47. Ke2 h4 48. gxh4 Bd6 49. Kf3 Kxa6 50. e4 fxe4+ 51. Kxe4 Be7 52. Nf4 Bxh4 53.
Nxg6 Bxf2 54. Kd3 1/2-1/2

[Event "Chigorin Memorial"]
[Site "St Petersburg RUS"]
[Date "2012.10.28"]
[Round "2.162"]
[White "Bubnov, Kirill"]
[Black "Trapeznikova, Darya"]
[Result "0-1"]
[WhiteElo "1713"]
[BlackElo "2072"]
[WhiteFideId "24175277"]
[BlackFideId "24121118"]
[EventDate "2012.10.27"]

1. d4 d5 2. c4 e6 3. Nc3 c6 4. Nf3 dxc4 5. e3 b5 6. a4 Bb4 7. Bd2 a5 8. axb5
Bxc3 9. Bxc3 cxb5 10. Ne5 Nf6 11. b3 Bb7 12. bxc4 b4 13. Qa4+ Nbd7 14. Bb2 O-O
15. Nxd7 Nxd7 16. c5 Nb8 17. Rc1 Bc6 18. Bb5 Qd7 19. Bxc6 Qxc6 20. Qxc6 Nxc6 21.
Kd2 a4 22. Ba1 a3 23. Rb1 Rfb8 24. Kc2 Na5 25. Kd3 b3 26. Bc3 Nc6 27. e4 a2 28.
Rbe1 Nb4+ 29. Bxb4 b2 30. Ra1 Rxb4 31. Rxa2 Rxa2 0-1

[Event "Chigorin Memorial"]
[Site "St Petersburg RUS"]
[Date "2012.10.28"]
[Round "2.163"]
[White "Korchagina, Viktoria"]
[Black "Bezobrazov, Lev"]
[Result "1-0"]
[WhiteTitle "WFM"]
[WhiteElo "2071"]
[BlackElo "1673"]
[WhiteFideId "4197224"]
[BlackFideId "4152409"]
[EventDate "2012.10.27"]

1. e4 Nf6 2. e5 Nd5 3. d4 d6 4. Nf3 g6 5. Bc4 Nb6 6. Bb3 Bg7 7. Ng5 e6 8. Qf3
O-O 9. Qh3 h6 10. Ne4 d5 11. Ng3 Kh7 12. c3 Rh8 13. Bc2 Kg8 14. Nd2 Bd7 15. f4
Nc6 16. Nf3 Ne7 17. Nf1 c6 18. g4 Qf8 19. Ne3 Re8 20. f5 exf5 21. gxf5 gxf5 22.
Rg1 f4 23. Ng4 Bxg4 24. Rxg4 Nec8 25. Bxf4 f5 26. Bxf5 Ne7 27. Be6+ Kh7 28. Ng5+
Kg6 29. Nf7+ Kh7 30. O-O-O Ng6 31. Rxg6 Kxg6 32. Qf5# 1-0

[Event "Chigorin Memorial"]
[Site "St Petersburg RUS"]
[Date "2012.10.28"]
[Round "2.164"]
[White "Uyanik, Mehmet"]
[Black "Popelyshev, Igor V."]
[Result "0-1"]
[WhiteElo "1687"]
[BlackElo "2071"]
[WhiteFideId "6363164"]
[BlackFideId "24116610"]
[EventDate "2012.10.27"]

1. Nf3 c5 2. e4 Nf6 3. Nc3 Nc6 4. d4 d5 5. exd5 Nxd5 6. Nxd5 Qxd5 7. c4 Qe4+ 8.
Be3 cxd4 9. Nxd4 e5 10. Nb5 Bb4+ 11. Nc3 Bxc3+ 12. bxc3 Bf5 13. Qe2 O-O-O 14. f3
Qd3 15. Qxd3 Bxd3 16. O-O-O Bxf1 17. Rhxf1 b6 18. Rd5 Na5 19. Rxd8+ Rxd8 20. c5
Rd3 21. Bd2 Nc4 22. Be1 Ne3 23. Rg1 Rd1+ 24. Kb2 bxc5 25. Kb3 Rb1+ 26. Ka4 Nd5
27. Bf2 Nxc3+ 28. Ka3 Nb5+ 29. Ka4 Rxg1 30. Bxg1 Nd4 31. Bf2 Kb7 32. Bg3 f6 33.
Ka3 Kc6 34. Kb2 Kd5 35. h4 Kc4 36. Be1 Kd3 37. Ba5 c4 38. Kb1 c3 39. Bxc3 0-1